00551nam a22002057a 450000500170000001000130001702000210003003500130005103700160006404000120008008200170009210000190010924500680012826000440019627000160024030000200025650000090027665000440028565000160032920170124105957.0 aA-878984 c00.00a817058167 aA-878984 bCen Lib/Ret aDPLbEN a181.499bAUR aAurobindo, Sri aBande Mataram :cby Sri Aurobindo bearly political writtings / aPondicherrybSri Aurobindo Ashramc1995 bPondicherry a917p.c22cm(Hb) a  aBritish Occupation of India (1765-1947) aNationalism